000 00813nam a2200181 i 4500
001 165774
003 ES-MaACL
005 20240711115657.0
008 050906s1875 be |||| | fre d
100 1 _aStevens, Jean-Baptiste J. G.
_9165547
245 1 0 _aRégime des établissements pénitentiaires
_b: enquête parlementaire /
_cdéposition de M. Stevens ; rapport de M. Charles Lucas a l'Académie des Sciences Morales et Politiques.
260 _aBruxelles ;
_aLeipzig :
_bLibrairie Européenne C. Muquardt, Merzbach & Falk,
_c1875.
300 _a164 p. ;
_c18 cm.
650 4 _aEstablecimientos penitenciarios-
_zFrancia.
_9143319
700 1 _aLucas, Charles,
_d1803-1889
_9129118
852 _aES-MaACL
_jD-285
_z- Enc. hol., conservando cub. original
_z. - Donativo de Lastres
999 _c165774
_d165774